[Event "Olomouc Seniors op 18th"]
[White "Oral, Josef"]
[Black "Neuymina, Nadezhda"]
[Site "Olomouc"]
[Round "8"]
[Result "1-0"]
[Date "2015.08.21"]
[WhiteElo "1826"]
[BlackElo "1627"]
[PlyCount "77"]
[EventDate "2015.08.15"]
[EventType "swiss"]
[EventRounds "9"]
[EventCountry "CZE"]
[SourceTitle "EXT 2016"]
[Source "ChessBase"]
[SourceDate "2015.10.08"]
[SourceVersion "1"]
[SourceVersionDate "2015.10.08"]
[SourceQuality "1"]

1. e4 d5 2. exd5 Nf6 3. c4 e6 4. dxe6 Bxe6 5. Nc3 Nc6 6. Nf3 Bc5 7. h3 Qe7 8. Qe2 0-0 9. d3 Rfe8 10. a3 a5 11. Be3 Rad8 12. Rd1 Nd4 13. Nxd4 Bxd4 14. Nb5 Bxb2 15. Qxb2 c6 16. Nc3 Bf5 17. Be2 Nd7 18. d4 Nf6 19. 0-0 Ne4 20. Bf3 Qh4 21. Nxe4 Bxe4 22. Bxe4 Rxe4 23. Qxb7 Re6 24. Qc7 Rg6 25. g3 Qf6 26. Kg2 h5 27. Qf4 Qe6 28. d5 cxd5 29. cxd5 Rxd5 30. Rxd5 Qxd5+ 31. Qf3 Qb5 32. Rd1 Rf6 33. Rd8+ Kh7 34. Qa8 Qf5 35. Bf4 Kg6 36. Rd4 Kh7 37. Qe4 g6 38. Qxf5 Rxf5 39. Ra4 1-0

[Event "Olomouc Seniors op 18th"]
[White "Oral, Josef"]
[Black "Vik, Joergen"]
[Site "Olomouc"]
[Round "6"]
[Result "0-1"]
[Date "2015.08.19"]
[WhiteElo "1826"]
[BlackElo "1881"]
[PlyCount "136"]
[EventDate "2015.08.15"]
[EventType "swiss"]
[EventRounds "9"]
[EventCountry "CZE"]
[SourceTitle "EXT 2016"]
[Source "ChessBase"]
[SourceDate "2015.10.08"]
[SourceVersion "1"]
[SourceVersionDate "2015.10.08"]
[SourceQuality "1"]

1. e4 Nf6 2. Nc3 e5 3. Nf3 d6 4. d4 exd4 5. Nxd4 Be7 6. Be2 0-0 7. 0-0 Nbd7 8. Nf5 Nc5 9. Nxe7+ Qxe7 10. f3 h6 11. a3 Bd7 12. Qe1 Rfe8 13. b4 Ne6 14. Qg3 Nh5 15. Qg4 Nef4 16. Nd5 Nxe2+ 17. Kf2 Bxg4 18. Nxe7+ Rxe7 19. fxg4 Nf6 20. Kxe2 Rxe4+ 21. Kd3 Rae8 22. h3 Nd7 23. Bd2 Re2 24. Rae1 Rxe1 25. Rxe1 Ne5+ 26. Kc3 Kf8 27. Kb3 b5 28. Bc3 f6 29. Bd2 Nc4 30. Rxe8+ Kxe8 31. Bf4 Kd7 32. a4 a6 33. axb5 axb5 34. h4 Ke6 35. Kc3 Ne5 36. g5 Ng6 37. Bd2 Nxh4 38. gxf6 gxf6 39. g3 Nf3 40. Bxh6 Kd5 41. g4 Ng5 42. Kd3 Nf7 43. Bf4 Ne5+ 44. Kd2 Nxg4 45. Kc3 Ke4 46. Bg3 f5 47. Bh4 f4 48. Bd8 f3 49. Kd2 Ne3 50. Bh4 Nc4+ 51. Ke1 Kf4 52. Kf2 Kg4 53. Bd8 c6 54. Bc7 Kf4 55. Bb8 Ke4 56. Ba7 Ne5 57. Bb6 Ng4+ 58. Kg3 f2 59. Kg2 Ne3+ 60. Kxf2 Nxc2 61. Bc7 Kd5 62. Ba5 Kc4 63. Bc7 d5 64. Ke2 Nxb4 65. Kd2 d4 66. Bd6 Na2 67. Be7 Nc3 68. Bf6 Ne4+ 0-1